Catalog

Record Details

Catalog Search



Available copies

  • 2 of 2 copies available at LARL/NWRL Consortium.
  • 2 of 2 copies available at Lake Agassiz Regional Library. (Show preferred library)

Current holds

0 current holds with 2 total copies.

Show All Copies
Location Call Number / Copy Notes Barcode Shelving Location Status Due Date
Crookston Public Library SF LYO (Text) 33500014036388 Main Available -
Moorhead Public Library SF LYO (Text) 33500014036396 Main Available -

Record details

  • ISBN: 9781250342003
  • ISBN: 1250342007
  • ISBN: 9781035048588
  • ISBN: 1035048582
  • ISBN: 9781035048571
  • ISBN: 1035048574
  • Physical Description: 433 pages : illustrations, maps ; 25 cm.
  • Edition: First edition.
  • Publisher: New York : Tor, Tor Publishing Group, 2024.

Content descriptions

Summary, etc.:
"Anahrod lives only for survival, forging her own ... Read More
Subject: Dragons > Fiction.
Imaginary places > Fiction.
Theft > Fiction.
Recluses > Fiction.
Dragons > Fiction.
Genre: Fantasy fiction.
Romance fiction.
Love stories.
Fantasy fiction.
Action and adventure fiction.
Romance fiction.
Novels.
LDR 02912cam a22006138i 4500
001439142
003LARL_NWRL_CONSORTIUM
00520240806195238.0
008240315s2024 nyuab e 000 1 eng
010 . ‡a 2024010508
040 . ‡aDLC ‡beng ‡erda ‡cDLC ‡dYDX ‡dOCLCO ‡dRNL ‡dOCLCO ‡dJTH ‡dUAP ‡dMWD ‡dYU6 ‡dSINLB
020 . ‡a9781250342003 ‡qhardcover
020 . ‡a1250342007 ‡qhardcover
020 . ‡z9781250342010 ‡q(ebook)
020 . ‡a9781035048588 ‡qpaperback
020 . ‡a1035048582 ‡qpaperback
020 . ‡a9781035048571 ‡qhardcover
020 . ‡a1035048574 ‡qhardcover
035 . ‡a(OCoLC)1393205390
042 . ‡apcc
08204. ‡a813.6 ‡223/eng/20240315
1001 . ‡aLyons, Jenn, ‡d1970- ‡eauthor. ‡1https://id.oclc.org/worldcat/entity/E39PBJgRQyVXWbrq47r4X9wV4q
24514. ‡aThe sky on fire / ‡cJenn Lyons.
250 . ‡aFirst edition.
264 1. ‡aNew York : ‡bTor, Tor Publishing Group, ‡c2024.
300 . ‡a433 pages : ‡billustrations, maps ; ‡c25 cm.
336 . ‡atext ‡btxt ‡2rdacontent
337 . ‡aunmediated ‡bn ‡2rdamedia
338 . ‡avolume ‡bnc ‡2rdacarrier
520 . ‡a"Anahrod lives only for survival, forging her own way through the harsh jungles of the Deep with her titan drake by her side. Even when an adventuring party saves her from capture by a local warlord, she is eager to return to her solitary life. But this is no ordinary rescue. It's Anahrod's past catching up with her. These cunning misfits--and their frustratingly appealing dragonrider ringleader--intend to spirit her away to the dragon-ruled sky cities, where they need her help to steal from a dragon's hoard. There's only one problem: the hoard in question belongs to the current regent, Neveranimas--and she wants Anahrod dead. From Jenn Lyons, the acclaimed author of the Chorus of Dragons series, this soaring standalone fantasy combines conniving dragons, lightning banter, high-stakes intrigue, and a little bit of heat"-- ‡cProvided by publisher.
650 0. ‡aDragons ‡vFiction. ‡0(LARL_NWRL_CONSORTIUM)164658
650 0. ‡aImaginary places ‡vFiction. ‡0(LARL_NWRL_CONSORTIUM)169861
650 0. ‡aTheft ‡vFiction. ‡0(LARL_NWRL_CONSORTIUM)175563
650 0. ‡aRecluses ‡vFiction. ‡0(LARL_NWRL_CONSORTIUM)167050
650 7. ‡aDragons ‡vFiction. ‡2sears ‡0(LARL_NWRL_CONSORTIUM)164658
655 0. ‡aFantasy fiction.
655 0. ‡aRomance fiction.
655 0. ‡aLove stories.
655 7. ‡aFantasy fiction. ‡2lcgft
655 7. ‡aAction and adventure fiction. ‡2lcgft
655 7. ‡aRomance fiction. ‡2lcgft
655 7. ‡aNovels. ‡2lcgft
901 . ‡a439142 ‡bOCoLC ‡c439142 ‡tbiblio ‡soclc

Additional Resources